Представление документа в формате MARC21

Поле Инд. ПП Название Значение
Тип записи a
Библиографический уровень a
001 Контрольный номер f291a86c1908439ba61270fda9a3f669
005 Дата корректировки 20161020105014.5
020 a ISBN 978-5-903927-27-2
040 a Служба первич. каталог. НБ ТвГУ
b Код языка каталог. rus
e Правила каталог. PSBO
041 0_ a Код языка текста rus
097 b Оператор novikova
100 1_ a Автор Луконин Сергей Александрович
q Полное имя Луконин С. А.
245 10 a Заглавие Антикоррупционная кампания в Китае: остановить нельзя продолжить
260 a Место издания Москва
b Издательство Идея-Пресс
504 a Библиография Библиогр. в подстроч. примеч.
520 0_ a Аннотация В статье рассмотрены значимые события в экономике и политике Китая в 2015 г., в числе которых продолжающаяся антикоррупционная кампания, а также кризис на фондовом рынке.
653 0_ a Ключевые слова Антикоррупционная кампания
a Ключевые слова Китай, страна
a Ключевые слова КНР
a Ключевые слова Кризис на фондовом рынке
a Ключевые слова Внутренняя политика
a Ключевые слова Внешняя политика
a Ключевые слова 2015 г.
773 18 w Контрольный № источника 89cd756f62544ad2879a724d9b8594c8
t Название источника Год планеты: экономика, политика, безопасность
d Место и дата издания Москва : Идея-Пресс, 2015
g Прочая информация С. 196-206
901 t Тип документа a
920 a Оператор Нови